00953nam a22002657a 4500003000500000005001700005008004100022010001000063011001000073020001500083035001100098040000900109100003600118245018800154260008300342300001900425490003500444650002400479650002900503650001300532650004200545700003800587700002700625830003500652CHAP20220817044131.0061113d2003 mx r 00110 spa d a92986 a93958 a9688175811 a104541 cCHAP00aSánchez Vélez, Alejandro S.13aLa cuenca hidrográfica :bunidad básica de planeación y manejo de recursos naturalesc/por Alejandro S. Sánchez Vélez, Rosa María García Núñez y Adolfo Palma Trujano aMéxico, D. F. :bSecretaría de Medio Ambiente y Recursos Naturales,c2003. a47 p. :bilus. 0aSerie alternativas productivas14aAguaxConservacion.14aBosquesxPreservación.14aCuencas.14aRecursos naturalesxAdministración.0 aGarcía Núñez, Rosa María.0 aPalma Trujano, Adolfo. 0aSerie alternativas productivas